Analýza priebehu precipitačného vytvrdzovania zliatiny AW2099

Salvato in:
Dettagli Bibliografici
Autore principale: Strieženec, Peter (Autore)
Altri autori: Pašák, Matej (Relatore della tesi)
Natura: Manoscritto Libro
Lingua:slovacco
Pubblicazione: 2022
Soggetti:
Accesso online:http://is.stuba.sk/zp/portal_zp.pl?podrobnosti=148316
Tags: Aggiungi Tag
Nessun Tag, puoi essere il primo ad aggiungerne!!

MARC

LEADER 00000ntm a22000003a 4500
001 stuzp89467
003 SK-STU
005 20220702211841.8
007 ta
008 150427s2015----xo-----f-mn---000-0-slo-d
040 |a STU  |b slo 
041 0 |a slo 
100 1 |a Strieženec, Peter  |u 061000  |4 aut  |U MTF Materiálovotechnologická fakulta  |T MTF Ústav materiálov  |X 96815  |U M1000  |Y 81  |7 96815 
242 0 1 |a Analysis of the precipitation hardening of AW2099 alloy  |y eng 
245 1 0 |a Analýza priebehu precipitačného vytvrdzovania zliatiny AW2099 
260 |c 2022 
650 4 |a hliníková zliatina AW2099  |2 slo 
650 4 |a vytvrdzovanie  |2 slo 
650 4 |a prirodzené starnutie  |2 slo 
650 4 |a hliník  |2 slo 
650 4 |a meranie tvrdosti  |2 slo 
650 4 |a aluminium  |2 eng 
650 4 |a hardening  |2 eng 
650 4 |a natural ageing  |2 eng 
650 4 |a hardness measurement  |2 eng 
650 4 |a AW2099 aluminium alloy  |2 eng 
700 1 |a Pašák, Matej  |u 061000  |k Z1  |4 ths  |U MTF Materiálovotechnologická fakulta  |T MTF Ústav materiálov  |X 34383  |U M1000  |Y 81  |7 A000034383 
856 4 |u http://is.stuba.sk/zp/portal_zp.pl?podrobnosti=148316 
996 |c M* BP-9460  |l MMSKP  |s P  |a 0  |w stuzp89467_0001